Normal view MARC view
  • Cuentos infantiles venezolanos

Entry Materia

Number of records used in: 42

001 - NÚMERO DE CONTROL DEL REGISTRO

  • campo de control: 10764

003 - IDENTIFICADOR DE NUMERO DE CONTROL

  • campo de control: MX-MxUPN

005 - FECHA Y HORA DE LA ÚLTIMA TRANSACCIÓN

  • campo de control: 20240314085948.0

008 - DATOS DE LONGITUD FIJA

  • campo de control de longitud fija: 240314nn annnnbabn b ana |d

035 ## - NÚMERO DE CONTROL DEL SISTEMA

  • Número de control del sistema: UPN10000010771

040 ## - FUENTE DE LA CATALOGACIÓN

  • Lengua de catalogación: spa
  • Centro catalogador de origen: MX-MxUPN

150 ## - ENCABEZAMIENTO - TEMÁTICO

  • Término de materia o nombre geográfico como elemento inicial: Cuentos infantiles venezolanos

670 ## - FUENTE EN LA QUE SE LOCALIZARON DATOS

  • Cita de la fuente: Escamilla Gonzalez, G. Lista de encabezamientos de materia, 1978 :
  • Información localizada: página 224 (Cuentos infantiles africanos)

902 ## - CATALOGADOR

  • Catalogador: LG/290597
  • Catalogador: VíctorGodínez/140324